000 00672nam a2200229 i 4500
001 6924
003 ES-MaACL
005 20230906145125.0
007 t|
008 900712s1988 sp ||||1| spa d
020 _a84-345-8365-8
080 _a539.12
100 1 _aTrefil, James S.
_9111277
245 1 0 _aDe los atomos a los quarks /
_cJames S. Trefil.
260 _aBarcelona :
_bSalvat,
_cD.L. 1988.
300 _aXIII, 218 p. ;
_c19 cm.
490 1 _aBiblioteca científica Salvat ;
_v8
650 0 0 _aFísica nuclear.
_912888
830 0 _aBiblioteca científica Salvat ;
_v8
_9177703
852 _aES-MaACL
_jL-14102
_bR.117696
_z. - rust.
999 _c6924
_d6924